Nicaragua y los teólogos /

Obra que recoge la opinión de teólogos de los cinco continentes en el que expresan su punto de vista sobre la situación que vive Nicaragua, su proceso de lucha, el rol de la Iglesia y la solidaridad con la causa nicaragüense.

Сохранить в:
Библиографические подробности
Главный автор: Vigil, José María (ed.)
Формат:
Язык:испанский
Опубликовано: México : Siglo XXI, 1987, c1987
Серии:(Sociología y Política)
Предметы:
Метки: Добавить метку
Нет меток, Требуется 1-ая метка записи!

MARC

LEADER 00000nam^a2200000^a^4500
001 000352461
005 20250521000000.0
009 20260310115041.068
020 |a 968-23-1434-8 
037 |a Acervo Xavier Clavigero 
041 |a ESP 
082 |a 261. 097285  |b VIG 
100 |a Vigil, José María  |e (ed.) 
245 1 0 |a Nicaragua y los teólogos /  |c Coord. por J.M. Vigil. 
264 4 |a México :  |b Siglo XXI,  |c 1987, c1987 
300 |a 315 p. 
336 |a texto  |b txt  |2 rdacontenido 
337 |a sin mediación  |b n  |2 rdamedio 
338 |a volumen  |b nc  |2 rdasoporte 
440 1 |a (Sociología y Política) 
520 |a Obra que recoge la opinión de teólogos de los cinco continentes en el que expresan su punto de vista sobre la situación que vive Nicaragua, su proceso de lucha, el rol de la Iglesia y la solidaridad con la causa nicaragüense. 
649 |a XX 
650 |a Iglesia Católica en Nicaragua -  |x Historia 
650 |a Teología Social -  |z Nicaragua -  |x Historia 
650 |a Teología de la Liberación -  |z Nicaragua -  |x Historia 
650 |a Política y Religión -  |z Nicaragua -  |x Historia -  |y Régimen Sandinista, 1979-1990 
650 |a Nicaragua -  |x Historia -  |y Régimen Sandinista, 1979-1990 
910 |a Fondo General 
920 |a Impresos - Libros 
930 |a Colección General 
905 |a 101 
901 |a 040210  |b IT1  |c ACC  |u 20250521 
901 |a 043437  |b IT1  |c ACC  |u 20250521 
902 |a https://opac.biblio.iteso.mx/vufind/Record/000352461